Podcenili sme klieštika včelieho

Podrobná bibliografia
Hlavný autor: Hájek, Ján (Autor)
Médium: Článok
Jazyk:slovenčina
Predmet:

MARC

LEADER 00000nab a2200000 a 4500
001 vtls000381902
003 SK-MaSNL
005 20260303200005.0
008 230131c1990 xo 0 slo
015 |a SNBRB19rr/mm-uuuuu 
035 |a CL0382024 
035 |a urn:nbn:sk:snk-ab1rin 
035 |a (urnnbn)urn:nbn:sk:snk:ar-0064xx 
035 |a (uuid)d0980d3e-f40a-465d-bc31-48c9235541d0 
040 |a SNKBUCL  |b slo  |c SNKBUCL  |e AACR2 
041 0 |a slo 
044 |a xo  |c SK 
080 |a 638.153:615.2/4:619  |2 1981 
080 |a 615.2/4  |2 1981 
080 |a 619  |2 1981 
080 |a 615.2/.4  |2 1981 
080 |a 638.153  |2 1981 
100 1 |a Hájek, Ján  |4 aut  |9 293497 
245 1 0 |a Podcenili sme klieštika včelieho  |c Ján Hájek 
650 0 7 |a včela medonosná  |2 snkbucl  |9 25170 
650 0 7 |a varroáza  |2 snkbucl  |9 182598 
650 0 7 |a veterinárne liečivá  |2 snkbucl  |9 58129 
655 7 |a články z novín a časopisov  |2 snkbucl  |9 267496 
773 0 |t Včelár  |g Roč. 56, č. 5 (1990), s. 112 
850 |a Slovenská národná knižnica v Martine  |a MTA001 
852 |a SNK  |b KIS3GCP 
954 |a odborná, vedecká literatúra pôvodná (slovenská)  |2 lita 
958 |a OND 
958 |a RK 
958 |a MI 
958 |a EUIPO 
958 |a article27 
992 |a RBX 
999 |c 2165789  |d 2167719